000 00701nam a2200241 a 4500
001 58141
003 BD-RjUL
005 20211209080606.0
008 161217s1965 enkac b 001 0 eng
035 _a(BD-RjUL)58265
040 _aDLC
_cDLC
_dDLC
_dBD-RjUL
_beng
041 _aeng
082 0 0 _a330
_223
_bULE 1965
100 1 _aUlmer, Melville J.
_q(Melville Jack),
_d1911-
_9172700
245 1 0 _aEconomics: theory and practice /
_c[by] Melville J. Ulmer.
250 _a2d ed.
260 _aBoston :
_bHoughton Mifflin
_cc1965
300 _axxiv, 757 p. :
_bill. ;
_c25 cm.
504 _aIncludes bibliographies.
650 0 _aEconomics.
_9170576
942 _2ddc
_cBK
999 _c58141
_d58141